Hodnotenie ekonomických zdrojov podniku s nižšou mierou likvidnosti bakalárska práca

Guardado en:
Detalles Bibliográficos
Autor principal: Chalupková, Nikola
Autor Corporativo: Fakulta podnikového manažmentu EU. Katedra podnikových financií
Otros Autores: Tóthová, Alena, 1968-
Formato: Libro
Lenguaje:eslovaco
Publicado: Bratislava 2024
Etiquetas: Agregar Etiqueta
Sin Etiquetas, Sea el primero en etiquetar este registro!

MARC

LEADER 00000nbm a2200000 4500
001 0309710
005 20260108095046.6
041 0 |a slo 
044 |a SK 
245 1 0 |a Hodnotenie ekonomických zdrojov podniku s nižšou mierou likvidnosti  |b bakalárska práca  |c Nikola Chalupková ; školiteľ: Alena Tóthová 
264 1 |a Bratislava  |c 2024 
300 |a 48 s. 
100 1 |a Chalupková, Nikola 
700 1 |a Tóthová, Alena, 1968- 
710 2 |a Fakulta podnikového manažmentu EU. Katedra podnikových financií